[Event "LIBEREC OPEN 2020"]
[Site "Clarion Grandhotel Zlaty Lev, "]
[Date "2020.02.22"]
[Round "1"]
[White "Simon, Petr"]
[Black "Priasmoro, Novendra"]
[Result "0-1"]
[WhiteElo "1631"]
[BlackElo "2493"]
[PlyCount "52"]
[EventDate "2020.02.22"]

1. e4 c5 2. Nf3 Nc6 3. d4 cxd4 4. Nxd4 g6 5. Nc3 Bg7 6. Be3 Nf6 7. Bc4 O-O 8.
Qd2 d6 9. f3 Bd7 10. h4 Ne5 11. Bb3 h5 12. O-O-O Rc8 13. Bh6 Bxh6 14. Qxh6 a5
15. a3 b5 16. g4 a4 17. Ba2 b4 18. axb4 a3 19. gxh5 axb2+ 20. Kxb2 Qb6 21. hxg6
Qxb4+ 22. Bb3 Nc4+ 23. Kb1 Qxc3 24. gxf7+ Kxf7 25. Bxc4+ Rxc4 26. Rhg1 Rb8+ 0-1

[Event "LIBEREC OPEN 2020"]
[Site "Clarion Grandhotel Zlaty Lev, "]
[Date "2020.02.22"]
[Round "1"]
[White "Nomin-Erdene, Davaademberel"]
[Black "Zuzanek, Vitezslav"]
[Result "1-0"]
[WhiteElo "2417"]
[BlackElo "1625"]
[PlyCount "49"]
[EventDate "2020.02.22"]

1. f4 d5 2. Nf3 Nf6 3. g3 Bg4 4. e3 Nbd7 5. h3 Bxf3 6. Qxf3 e6 7. Nc3 c6 8. b3
Qc7 9. Bb2 Bd6 10. Bg2 e5 11. O-O exf4 12. exf4 O-O-O 13. d3 Rhg8 14. Ne2 Rde8
15. Kh1 Kb8 16. c4 Qd8 17. Rac1 Re6 18. Nd4 Re7 19. cxd5 Nxd5 20. Rxc6 N7b6 21.
Rxd6 Qxd6 22. Nf5 Qe6 23. Nxe7 Qxe7 24. a4 Ne3 25. Be5+ 1-0

[Event "LIBEREC OPEN 2020"]
[Site "Clarion Grandhotel Zlaty Lev, "]
[Date "2020.02.22"]
[Round "1"]
[White "Machacek, Jan"]
[Black "Kulon, Klaudia"]
[Result "0-1"]
[WhiteElo "1621"]
[BlackElo "2335"]
[PlyCount "86"]
[EventDate "2020.02.22"]

1. e4 e5 2. d4 exd4 3. Qxd4 Nc6 4. Qe3 Nf6 5. Nc3 Bb4 6. Bd2 O-O 7. O-O-O Re8
8. Bc4 Ne5 9. Bb3 d6 10. h3 a5 11. a3 Bc5 12. Qg3 Ng6 13. f3 c6 14. h4 Nh5 15.
Qh2 Ne5 16. g4 Bxg1 17. Rhxg1 Nf6 18. Qg2 Be6 19. g5 Nh5 20. Bxe6 fxe6 21. b3
Rf8 22. Rdf1 Ng6 23. Ne2 Ngf4 24. Nxf4 Nxf4 25. Qh2 e5 26. h5 Qe8 27. Rg4 Nxh5
28. g6 hxg6 29. Rfg1 Rf6 30. Bg5 Rxf3 31. Bh6 Rf6 32. Bg5 Re6 33. Bh6 c5 34.
Rh4 Nf6 35. Bxg7 Kxg7 36. Rh6 Qf7 37. Qh4 Rg8 38. Rhxg6+ Qxg6 39. Rxg6+ Kxg6
40. Qh3 Kf7 41. Kb2 Rd8 42. a4 d5 43. exd5 Rxd5 0-1

[Event "LIBEREC OPEN 2020"]
[Site "Clarion Grandhotel Zlaty Lev, "]
[Date "2020.02.22"]
[Round "1"]
[White "Arfan, Aditya Bagus"]
[Black "Svoboda, Frantisek"]
[Result "1-0"]
[WhiteElo "2285"]
[BlackElo "1609"]
[PlyCount "57"]
[EventDate "2020.02.22"]

1. e4 Nc6 2. d4 d5 3. e5 f6 4. Bd3 Be6 5. Nf3 Bg4 6. h3 fxe5 7. hxg4 e4 8. Bb5
exf3 9. Qxf3 Qd6 10. Nc3 O-O-O 11. Be3 e5 12. dxe5 Qxe5 13. Rh5 Qe6 14. Rxd5
Rxd5 15. Nxd5 Nf6 16. Nxf6 Ne5 17. Qf5 Qxf5 18. gxf5 gxf6 19. Ke2 a6 20. Ba4
Rg8 21. Rh1 c5 22. c3 Rxg2 23. Rxh7 b5 24. Bc2 Bd6 25. Ra7 Nc4 26. Be4 Nxe3 27.
Kxe3 Rg1 28. Rxa6 Be5 29. Rc6+ 1-0

[Event "LIBEREC OPEN 2020"]
[Site "Clarion Grandhotel Zlaty Lev, "]
[Date "2020.02.22"]
[Round "1"]
[White "Jacobi, Robin"]
[Black "Muller, David"]
[Result "1-0"]
[WhiteElo "2243"]
[BlackElo "1590"]
[PlyCount "69"]
[EventDate "2020.02.22"]

1. Nf3 d5 2. g3 Nf6 3. Bg2 e6 4. O-O b6 5. d3 Bb7 6. Nbd2 c5 7. e4 Qc7 8. Re1
dxe4 9. Nxe4 Nbd7 10. Bf4 Qc8 11. Qe2 Nxe4 12. dxe4 Nf6 13. Ne5 Bd6 14. Qb5+
Ke7 15. Rad1 Bxe5 16. Bxe5 Ne8 17. b4 f6 18. Bb2 Nd6 19. Qd3 Qc6 20. bxc5 bxc5
21. Qe2 Rab8 22. Qg4 Kf7 23. Qh5+ g6 24. Qf3 Ne8 25. g4 Rf8 26. Qg3 Ng7 27.
Bxf6 Qa4 28. Bxg7 Kxg7 29. Qc7+ Kf6 30. g5+ Kxg5 31. Qe7+ Kh6 32. Rd3 g5 33.
Rh3+ Kg6 34. Qxh7+ Kf6 35. e5# 1-0

[Event "LIBEREC OPEN 2020"]
[Site "Clarion Grandhotel Zlaty Lev, "]
[Date "2020.02.22"]
[Round "1"]
[White "Kirs, Pavel"]
[Black "Moravec, Vit"]
[Result "0-1"]
[WhiteElo "1587"]
[BlackElo "2222"]
[PlyCount "64"]
[EventDate "2020.02.22"]

1. b3 {[%emt 0:00:00]} Nf6 2. Bb2 g6 3. c4 Bg7 4. Nf3 O-O 5. e3 d6 6. d4 c6 7.
Be2 Nbd7 8. O-O a5 9. Nbd2 Re8 10. Qc2 e5 11. dxe5 dxe5 12. Ne4 Nxe4 13. Qxe4
Nc5 14. Qc2 Bf5 15. Qc1 Qb6 16. Nd2 a4 17. Ba3 Nd3 18. Bxd3 Bxd3 19. Re1 e4 20.
Bb2 c5 21. Bxg7 Kxg7 22. Qc3+ Qf6 23. Qc1 b6 24. f3 exf3 25. gxf3 axb3 26. axb3
Rxa1 27. Qxa1 Qxa1 28. Rxa1 Rxe3 29. Rc1 Re2 30. Nf1 Rb2 31. Rc3 Bxf1 32. Kxf1
Rxh2 0-1

[Event "LIBEREC OPEN 2020"]
[Site "Clarion Grandhotel Zlaty Lev, "]
[Date "2020.02.22"]
[Round "1"]
[White "Sernecki, Franciszek"]
[Black "Svec, Ludek"]
[Result "1-0"]
[WhiteElo "2218"]
[BlackElo "1581"]
[PlyCount "83"]
[EventDate "2020.02.22"]

1. e4 c5 2. Nf3 e6 3. Nc3 Nc6 4. d4 cxd4 5. Nxd4 Nf6 6. Nxc6 dxc6 7. Qxd8+ Kxd8
8. e5 Ng4 9. f4 Bb4 10. Be2 Nh6 11. Bd2 Bxc3 12. Bxc3 b6 13. O-O-O+ Kc7 14. g4
Bb7 15. f5 Rhd8 16. f6 c5 17. Rhg1 Rxd1+ 18. Rxd1 g6 19. Rg1 Rd8 20. Rg3 Ng8
21. Bd3 Bd5 22. b3 Kc6 23. a4 Ra8 24. Bd2 h6 25. c4 Bh1 26. Rg1 Bf3 27. Rf1 Bg2
28. Rf2 Bh1 29. a5 Rd8 30. Kc2 Rf8 31. Be3 bxa5 32. Rf1 Bg2 33. Ra1 Kb6 34. Bd2
Bf3 35. h3 h5 36. g5 Bg2 37. h4 Bc6 38. Bxa5+ Kb7 39. Bd2 Rc8 40. Be3 Bf3 41.
Ra5 a6 42. Rxc5 1-0

[Event "LIBEREC OPEN 2020"]
[Site "Clarion Grandhotel Zlaty Lev, "]
[Date "2020.02.22"]
[Round "1"]
[White "Kucera, Petr"]
[Black "Stodola, Zdenek"]
[Result "1-0"]
[WhiteElo "2203"]
[BlackElo "1574"]
[PlyCount "59"]
[EventDate "2020.02.22"]

1. d4 Nf6 2. Nf3 g6 3. c4 Bg7 4. Nc3 O-O 5. e4 d6 6. Be2 e5 7. dxe5 dxe5 8.
Qxd8 Rxd8 9. Bg5 Re8 10. Nd5 Nxd5 11. cxd5 h6 12. Be3 f5 13. Nd2 b6 14. f3 f4
15. Bf2 Ba6 16. Rc1 Bxe2 17. Kxe2 Na6 18. Rc6 Kh7 19. Rhc1 Bf8 20. a3 Bd6 21.
Nc4 Rad8 22. b4 Re7 23. Nb2 Nb8 24. R6c3 a6 25. Nc4 c5 26. dxc6 Nxc6 27. Nxd6
Nd4+ 28. Bxd4 exd4 29. Rc7 d3+ 30. Kd2 1-0

[Event "LIBEREC OPEN 2020"]
[Site "Clarion Grandhotel Zlaty Lev, "]
[Date "2020.02.22"]
[Round "1"]
[White "Meszaros, Ludek"]
[Black "Krajinski, Lutz"]
[Result "1-0"]
[WhiteElo "2096"]
[BlackElo "1549"]
[PlyCount "45"]
[EventDate "2020.02.22"]

1. e4 e6 2. d3 {[%emt 0:00:00]} d5 3. Nd2 Nf6 4. Ngf3 c5 5. g3 b6 6. Bg2 Bb7 7.
O-O dxe4 8. Ng5 Qc7 9. Ndxe4 Nbd7 10. Re1 Rd8 11. Bf4 e5 12. Nxf6+ gxf6 13.
Bxb7 Qxb7 14. Ne4 Be7 15. Qh5 Qd5 16. b3 Qe6 17. Nd2 f5 18. Nc4 Bf6 19. Re2 b5
20. Nxe5 Nxe5 21. Rae1 Kf8 22. Bxe5 Rd7 23. Qh6+ 1-0

[Event "LIBEREC OPEN 2020"]
[Site "Clarion Grandhotel Zlaty Lev, "]
[Date "2020.02.22"]
[Round "1"]
[White "Cakl, Zdenek"]
[Black "Kutek, Jiri"]
[Result "1-0"]
[WhiteElo "2066"]
[BlackElo "1534"]
[PlyCount "53"]
[EventDate "2020.02.22"]

1. Nf3 d5 2. b3 Bf5 3. Bb2 e6 4. g3 c5 5. Bg2 Nc6 6. O-O Nf6 7. d3 Rc8 8. Nbd2
h6 9. Rc1 b5 10. c4 bxc4 11. bxc4 d4 12. Qa4 Qa5 13. Qxa5 Nxa5 14. Ba3 Be7 15.
Rb1 a6 16. Rb6 O-O 17. Nxd4 Rfd8 18. Nxf5 exf5 19. Rxa6 Ne4 20. Nxe4 fxe4 21.
Bxe4 Nxc4 22. dxc4 Rd2 23. Bc1 Rxe2 24. Be3 Rb2 25. Ra7 Bd8 26. Bd5 Bc7 27.
Bxc5 1-0

[Event "LIBEREC OPEN 2020"]
[Site "Clarion Grandhotel Zlaty Lev, "]
[Date "2020.02.22"]
[Round "1"]
[White "Pawicka, Magdalena"]
[Black "Sichrovsky, Tomas"]
[Result "1-0"]
[WhiteElo "1962"]
[BlackElo "1470"]
[PlyCount "53"]
[EventDate "2020.02.22"]

1. e4 c6 2. d4 d5 3. Nc3 dxe4 4. Nxe4 Bf5 5. Ng3 Bg6 6. h4 h6 7. Nf3 Nd7 8. h5
Bh7 9. Bd3 Bxd3 10. Qxd3 Ngf6 11. Bd2 e6 12. O-O-O Qc7 13. Ne4 Nxe4 14. Qxe4
Nf6 15. Qe2 O-O-O 16. g3 Bd6 17. Kb1 Kb8 18. c4 c5 19. dxc5 Qxc5 20. Bc3 Ka8
21. Bd4 Qa5 22. Ne5 Bxe5 23. Bxe5 Rxd1+ 24. Rxd1 Rd8 25. f4 a6 26. a3 Qb6 27.
c5 1-0

[Event "LIBEREC OPEN 2020"]
[Site "Clarion Grandhotel Zlaty Lev, "]
[Date "2020.02.22"]
[Round "1"]
[White "Peniska, Pavel"]
[Black "Rygl, Jakub"]
[Result "0-1"]
[WhiteElo "1868"]
[BlackElo "1441"]
[PlyCount "108"]
[EventDate "2020.02.22"]

1. c4 Nf6 2. Nf3 g6 3. d4 c6 4. Nc3 d5 5. cxd5 cxd5 6. Bf4 a6 7. e3 Qb6 8. Qb3
Qxb3 9. axb3 Bg7 10. Bb5+ Bd7 11. O-O O-O 12. Ne5 e6 13. Rfc1 Nc6 14. Bxc6 Bxc6
15. Na4 Bxa4 16. bxa4 Rfc8 17. Kf1 Nh5 18. Nd3 Nxf4 19. Nxf4 Bf8 20. Nd3 b6 21.
Ne5 Bd6 22. Nd7 b5 23. Nb6 Rxc1+ 24. Rxc1 Rb8 25. Rc6 Be7 26. Ke2 bxa4 27. Nxa4
a5 28. Rc2 Kg7 29. Nc5 h5 30. Nd3 Bd6 31. h3 Kf6 32. Rc6 Be7 33. Kd1 Bf8 34.
Kc2 Ra8 35. Ne5 Ra7 36. g4 Bb4 37. Rc8 Bd6 38. Nc6 Rc7 39. Rxc7 Bxc7 40. Kb3
Kg5 41. gxh5 gxh5 42. Ne5 Kh4 43. Nxf7 Kxh3 44. Ng5+ Kg4 45. Nxe6 Bd6 46. f4 h4
47. Ng5 h3 48. Nxh3 Kxh3 49. Ka4 Bb4 50. f5 Kg4 51. f6 Kf3 52. f7 Kxe3 53. f8=Q
Bxf8 54. Kxa5 Kxd4 0-1

[Event "LIBEREC OPEN 2020"]
[Site "Clarion Grandhotel Zlaty Lev, "]
[Date "2020.02.22"]
[Round "1"]
[White "Aird, Ian"]
[Black "Hauser, Matthias"]
[Result "1/2-1/2"]
[WhiteElo "1848"]
[BlackElo "1409"]
[PlyCount "52"]
[EventDate "2020.02.22"]

1. d4 d5 2. Nf3 Nf6 3. g3 Bg4 4. Ne5 Nc6 5. c4 e6 6. Qa4 Bb4+ 7. Nc3 Bxc3+ 8.
bxc3 O-O 9. Bg5 Bf5 10. Bg2 h6 11. Bxf6 gxf6 12. Nf3 Be4 13. O-O f5 14. Qb5 Rb8
15. cxd5 Qxd5 16. a4 a6 17. Qxd5 exd5 18. Bh3 Bxf3 19. exf3 f4 20. Rfe1 Rfe8
21. Rab1 Rxe1+ 22. Rxe1 Kf8 23. Kf1 Re8 24. Rxe8+ Kxe8 25. Ke2 Ke7 26. Bf5 Nd8
1/2-1/2

[Event "LIBEREC OPEN 2020"]
[Site "Clarion Grandhotel Zlaty Lev, "]
[Date "2020.02.22"]
[Round "1"]
[White "Ulicny, Daniel"]
[Black "Kulczycka, Zofia"]
[Result "1/2-1/2"]
[WhiteElo "1762"]
[BlackElo "1300"]
[PlyCount "58"]
[EventDate "2020.02.22"]

1. d4 Nf6 2. Nf3 g6 3. c4 Bg7 4. Nc3 d6 5. e4 O-O 6. h3 e5 7. d5 a5 8. Be3 Na6
9. Bd3 Ne8 10. Qd2 f5 11. Bg5 Bf6 12. Bh6 Bg7 13. Bxg7 Kxg7 14. O-O-O Nc5 15.
Bc2 Nf6 16. exf5 Bxf5 17. Bxf5 gxf5 18. Qg5+ Kh8 19. Nh4 Nfe4 20. Nxe4 Nxe4 21.
Qxd8 Raxd8 22. Rhf1 Rb8 23. Nf3 b5 24. Nd2 Nxd2 25. Rxd2 b4 26. b3 Rg8 27. f3
Ra8 28. Re1 f4 29. Ree2 Rgb8 1/2-1/2

[Event "LIBEREC OPEN 2020"]
[Site "Clarion Grandhotel Zlaty Lev, "]
[Date "2020.02.22"]
[Round "1"]
[White "Korniichuk, Oleksandra"]
[Black "Pegasov, Pavel"]
[Result "1-0"]
[WhiteElo "1675"]
[BlackElo "1247"]
[PlyCount "55"]
[EventDate "2020.02.22"]

1. e4 c5 2. Nf3 e6 3. d4 cxd4 4. Nxd4 Bc5 5. Be3 Qb6 6. Nc3 Nc6 7. Na4 Qa5+ 8.
c3 Bxd4 9. Bxd4 Nxd4 10. Qxd4 Nf6 11. Bd3 O-O 12. Bc2 Rd8 13. O-O d6 14. Rfd1
Qc7 15. e5 Nd5 16. exd6 Qa5 17. b4 Qa6 18. Bxh7+ Kxh7 19. Qh4+ Kg6 20. Qxd8
Qxa4 21. Rd3 Qd7 22. Rg3+ Kh7 23. Rh3+ Kg6 24. Qh4 Qxd6 25. Rg3+ Kf5 26. Qg5+
Ke4 27. Re1+ Ne3 28. Rgxe3# 1-0

[Event "LIBEREC OPEN 2020"]
[Site "Clarion Grandhotel Zlaty Lev, "]
[Date "2020.02.23"]
[Round "2"]
[White "Priasmoro, Novendra"]
[Black "Bradac, Daniel"]
[Result "1-0"]
[WhiteElo "2493"]
[BlackElo "1975"]
[PlyCount "49"]
[EventDate "2020.02.22"]

1. e4 d5 2. exd5 Qxd5 3. Nc3 Qd8 4. d4 Nf6 5. Nf3 Bf5 6. Ne5 c6 7. Bc4 e6 8. g4
Bg6 9. h4 Bb4 10. f3 Bxc2 11. Qxc2 Qxd4 12. Qe2 Bxc3+ 13. bxc3 Qxc3+ 14. Kf2
Nd5 15. Bb2 Qb4 16. Bxd5 cxd5 17. Nd3 Qb6+ 18. Qe3 O-O 19. Bd4 Qc7 20. Rac1 Nc6
21. Ne5 Qa5 22. Nxc6 bxc6 23. Rxc6 Qxa2+ 24. Kg3 Rfe8 25. Ra1 1-0

[Event "LIBEREC OPEN 2020"]
[Site "Clarion Grandhotel Zlaty Lev, "]
[Date "2020.02.23"]
[Round "2"]
[White "Habenicht, Martin"]
[Black "Nomin-Erdene, Davaademberel"]
[Result "0-1"]
[WhiteElo "1966"]
[BlackElo "2417"]
[PlyCount "80"]
[EventDate "2020.02.22"]

1. d4 f5 2. Nf3 Nf6 3. g3 g6 4. Bg2 Bg7 5. O-O O-O 6. c4 d6 7. Nc3 c6 8. Qc2
Na6 9. a3 Qe8 10. Re1 e5 11. dxe5 dxe5 12. e4 Nc5 13. Nd2 f4 14. gxf4 Nh5 15.
fxe5 Nf4 16. Nf1 Nxg2 17. Kxg2 Bxe5 18. Be3 Ne6 19. Ng3 Qe7 20. Nce2 Qh4 21.
Ng1 Nd4 22. Bxd4 Bxd4 23. Re2 Be6 24. Rd1 Be5 25. Rd3 Bg4 26. Re1 Rf7 27. f3
Be6 28. b3 Raf8 29. Qf2 g5 30. Qc5 Bf4 31. Re2 g4 32. fxg4 Bxg4 33. Ra2 Rf6 34.
h3 Rh6 35. Nf1 Rg6 36. Kh1 Bc7 37. Nh2 Bb6 38. Qe5 Bxh3 39. c5 Rxg1+ 40. Kxg1
Qe1+ 0-1

[Event "LIBEREC OPEN 2020"]
[Site "Clarion Grandhotel Zlaty Lev, "]
[Date "2020.02.23"]
[Round "2"]
[White "Kulon, Klaudia"]
[Black "Pawicka, Magdalena"]
[Result "1-0"]
[WhiteElo "2335"]
[BlackElo "1962"]
[PlyCount "153"]
[EventDate "2020.02.22"]

1. f4 d5 2. Nf3 Nf6 3. g3 g6 4. Bg2 Bg7 5. O-O O-O 6. d3 b6 7. c3 Bb7 8. Qe1 c5
9. h3 Nc6 10. Na3 Re8 11. Rb1 e5 12. fxe5 Nxe5 13. Nxe5 Rxe5 14. Bf4 Re6 15.
Qd2 Qd7 16. Rbe1 Nh5 17. c4 Nxf4 18. gxf4 d4 19. Bxb7 Qxb7 20. Nc2 Rae8 21. Rf3
Qe7 22. Kf1 Bf6 23. e4 dxe3 24. Rfxe3 Bxb2 25. Rxe6 fxe6 26. Ne3 Bd4 27. Ng4
Rf8 28. Kg2 Kg7 29. Re4 h5 30. Nh2 e5 31. Nf3 Qf6 32. Nxd4 exd4 33. Qe2 Rf7 34.
Kh2 Qd6 35. Qf3 Qf6 36. Kg2 Qf5 37. Qg3 Kh7 38. Qf3 a6 39. Kg3 b5 40. cxb5 axb5
41. Re5 Qxe5 42. fxe5 Rxf3+ 43. Kxf3 g5 44. Ke4 Kg7 45. Kd5 Kf7 46. Kxc5 g4 47.
hxg4 h4 48. Kd6 Ke8 49. g5 h3 50. g6 h2 51. g7 Kf7 52. e6+ Kxg7 53. e7 h1=Q 54.
e8=Q Qa1 55. Qd7+ Kf8 56. Qe7+ Kg8 57. Qe6+ Kf8 58. Qb3 b4 59. Qxb4 Qxa2 60.
Kd7+ Kf7 61. Qxd4 Qe6+ 62. Kc7 Qh6 63. Qd5+ Kg7 64. d4 Qc1+ 65. Qc5 Qa1 66. d5
Qe5+ 67. Qd6 Qc3+ 68. Kd7 Qc4 69. Qe5+ Kf7 70. Qf5+ Kg7 71. d6 Qa4+ 72. Ke7
Qa7+ 73. Qd7 Qa8 74. Qg4+ Kh6 75. Qf4+ Kg7 76. Qf7+ Kh6 77. Qf8+ 1-0

[Event "LIBEREC OPEN 2020"]
[Site "Clarion Grandhotel Zlaty Lev, "]
[Date "2020.02.23"]
[Round "2"]
[White "Mazurek, Bartosz"]
[Black "Arfan, Aditya Bagus"]
[Result "0-1"]
[WhiteElo "1908"]
[BlackElo "2285"]
[PlyCount "56"]
[EventDate "2020.02.22"]

1. d4 d5 2. c4 e5 3. dxe5 d4 4. Nf3 Nc6 5. g3 Nge7 6. Bg2 Ng6 7. O-O Ngxe5 8.
Nxe5 Nxe5 9. b3 Bc5 10. Nd2 O-O 11. Bb2 Be7 12. e3 dxe3 13. Bxe5 exd2 14. Qc2
Bf6 15. Bxf6 Qxf6 16. Qxd2 c6 17. Qb4 a5 18. Qb6 h6 19. Rfe1 a4 20. b4 a3 21.
Qe3 Be6 22. Bf1 Rfd8 23. Rab1 Qd4 24. Qxd4 Rxd4 25. Red1 Rad8 26. Rxd4 Rxd4 27.
Rb3 Rd1 28. Kg2 Rxf1 0-1

[Event "LIBEREC OPEN 2020"]
[Site "Clarion Grandhotel Zlaty Lev, "]
[Date "2020.02.23"]
[Round "2"]
[White "Jeute, Peter"]
[Black "Jacobi, Robin"]
[Result "0-1"]
[WhiteElo "1880"]
[BlackElo "2243"]
[PlyCount "120"]
[EventDate "2020.02.22"]

1. d4 Nf6 2. Nf3 e6 3. e3 c5 4. Bd3 d5 5. c3 Nc6 6. Nbd2 Bd6 7. O-O O-O 8. dxc5
Bxc5 9. b4 Be7 10. Bb2 Qc7 11. a3 e5 12. e4 Bg4 13. h3 Bh5 14. Qe2 dxe4 15.
Nxe4 Rfe8 16. Rfe1 Nd5 17. Bc2 Nf4 18. Qe3 Nd5 19. Qe2 Kh8 20. Ng3 Nf4 21. Qe3
Bg6 22. Bxg6 Nxg6 23. Rad1 f6 24. Nf5 Bf8 25. Rd2 b5 26. Red1 Rad8 27. Qe4 Rxd2
28. Rxd2 Rd8 29. Rxd8 Nxd8 30. Ne3 Nf4 31. c4 bxc4 32. Nxc4 Qb7 33. Qf5 Qf7 34.
Qc8 Nfe6 35. Ne3 Qc7 36. Qa8 Qb7 37. Qxb7 Nxb7 38. Nd5 Kg8 39. Kf1 Nd6 40. g3
Kf7 41. Ke2 Nc4 42. Bc1 e4 43. Nd2 Nd4+ 44. Kd1 Nd6 45. Bb2 Ne6 46. Ke2 f5 47.
Be5 Nb5 48. Nc4 g6 49. Bb8 Ned4+ 50. Kd1 Nc6 51. Bf4 Ke6 52. Nc7+ Nxc7 53. Bxc7
Kd7 54. Bf4 a6 55. Ne5+ Nxe5 56. Bxe5 Ke6 57. Bb2 Kd5 58. Kc2 Kc4 59. h4 e3 60.
fxe3 Bd6 0-1

[Event "LIBEREC OPEN 2020"]
[Site "Clarion Grandhotel Zlaty Lev, "]
[Date "2020.02.23"]
[Round "2"]
[White "Moravec, Vit"]
[Black "Lu, Miaoyi"]
[Result "1/2-1/2"]
[WhiteElo "2222"]
[BlackElo "1824"]
[PlyCount "93"]
[EventDate "2020.02.22"]

1. d4 d5 2. c4 dxc4 3. Nf3 a6 4. a4 Nf6 5. e3 Bg4 6. Bxc4 e6 7. O-O Nc6 8. Nbd2
Bd6 9. Be2 O-O 10. Nc4 Qe7 11. h3 Bh5 12. Nfe5 Bxe2 13. Nxc6 Bxd1 14. Nxe7+
Bxe7 15. Rxd1 c5 16. dxc5 Bxc5 17. Bd2 Rac8 18. Rac1 Rfd8 19. Ba5 Rxd1+ 20.
Rxd1 Nd5 21. e4 Nf6 22. e5 Ne4 23. Be1 Kf8 24. b3 Ke7 25. Kf1 f6 26. f3 Ng5 27.
Ke2 Nf7 28. f4 Rd8 29. Rxd8 Kxd8 30. Bc3 f5 31. g4 g6 32. g5 Kc7 33. Kd3 b5 34.
Ba5+ Kc6 35. axb5+ axb5 36. Nb2 Kd5 37. Nd1 Be7 38. Ne3+ Kc6 39. Nc2 Bc5 40.
Nd4+ Bxd4 41. Kxd4 Nh8 42. Bb4 Nf7 43. Be7 Kd7 44. Bf6 Kc6 45. Be7 Kd7 46. Bf6
Kc6 47. Be7 1/2-1/2

[Event "LIBEREC OPEN 2020"]
[Site "Clarion Grandhotel Zlaty Lev, "]
[Date "2020.02.23"]
[Round "2"]
[White "Hodan, Jiri"]
[Black "Sernecki, Franciszek"]
[Result "0-1"]
[WhiteElo "1851"]
[BlackElo "2218"]
[PlyCount "48"]
[EventDate "2020.02.22"]

1. d4 Nf6 2. c4 e6 3. Nf3 d5 4. g3 dxc4 5. Bg2 c5 6. Qa4+ Nc6 7. Ne5 Bd7 8.
Nxd7 Qxd7 9. dxc5 Bxc5 10. Qxc4 Rc8 11. Be3 Bxe3 12. fxe3 Nd5 13. Bxd5 exd5 14.
Qf4 O-O 15. Nc3 Qe6 16. O-O-O d4 17. exd4 Nb4 18. d5 Nxd5 19. Qd2 Ne3 20. Kb1
Nxd1 21. Rxd1 b5 22. Nxb5 Qf5+ 23. Qd3 Rfd8 24. Nd6 Rxd6 0-1

[Event "LIBEREC OPEN 2020"]
[Site "Clarion Grandhotel Zlaty Lev, "]
[Date "2020.02.23"]
[Round "2"]
[White "Belaska, Premysl"]
[Black "Bigalke, Moritz"]
[Result "1-0"]
[WhiteElo "2212"]
[BlackElo "1776"]
[PlyCount "67"]
[EventDate "2020.02.22"]

1. d4 c5 2. d5 e5 3. e4 d6 4. Nc3 Nf6 5. Nf3 Be7 6. Bd3 O-O 7. O-O Nbd7 8. a4
a6 9. Nd2 Ne8 10. Nc4 Ndf6 11. a5 Bg4 12. Be2 Bxe2 13. Qxe2 Nd7 14. Qg4 b5 15.
axb6 Nxb6 16. Na5 Qd7 17. Qe2 Bf6 18. Be3 Nc8 19. Rfb1 Ne7 20. b4 cxb4 21. Rxb4
Rc8 22. Nc4 Qd8 23. Rxa6 Ng6 24. g3 Bg5 25. Nb5 Bxe3 26. Nxe3 Qe7 27. h4 Qb7
28. Raa4 Qb6 29. Na7 Qd8 30. Nxc8 Qxc8 31. Nf5 Qd7 32. h5 Ne7 33. Qb5 Qxb5 34.
Nxe7+ 1-0

[Event "LIBEREC OPEN 2020"]
[Site "Clarion Grandhotel Zlaty Lev, "]
[Date "2020.02.23"]
[Round "2"]
[White "Paldus, Jan"]
[Black "Nehyba, Martin"]
[Result "0-1"]
[WhiteElo "1767"]
[BlackElo "2170"]
[PlyCount "66"]
[EventDate "2020.02.22"]

1. e4 c5 2. Nf3 e6 3. d4 cxd4 4. Nxd4 Nf6 5. Nc3 Nc6 6. a3 Be7 7. Be3 O-O 8.
Be2 a6 9. O-O Qc7 10. Nxc6 bxc6 11. f4 d5 12. e5 Nd7 13. Na4 c5 14. b3 Bb7 15.
Bf3 Rad8 16. Qe1 Bc6 17. Nb2 f6 18. exf6 Bxf6 19. Rb1 Rfe8 20. Qf2 e5 21. fxe5
Bxe5 22. g3 Rf8 23. Qg2 Qd6 24. Rfd1 Rxf3 25. Qxf3 d4 26. Qe2 Kh8 27. Bg5 Qd5
28. Bxd8 Qh1+ 29. Kf2 Qxh2+ 30. Ke1 Bxg3+ 31. Kd2 Bf4+ 32. Ke1 Qg1+ 33. Qf1
Bg3+ 0-1

[Event "LIBEREC OPEN 2020"]
[Site "Clarion Grandhotel Zlaty Lev, "]
[Date "2020.02.23"]
[Round "2"]
[White "Bindrich, Oswald"]
[Black "Korniichuk, Oleksandra"]
[Result "1/2-1/2"]
[WhiteElo "2131"]
[BlackElo "1675"]
[PlyCount "108"]
[EventDate "2020.02.22"]

1. e4 c5 2. Nf3 e6 3. d4 cxd4 4. Nxd4 Nc6 5. Nc3 Bb4 6. Ndb5 a6 7. Nd6+ Bxd6 8.
Qxd6 Qe7 9. Qd1 Nf6 10. Be2 O-O 11. Be3 b5 12. a3 Bb7 13. O-O d6 14. f4 Na5 15.
b4 Nc4 16. Bxc4 bxc4 17. e5 Ne8 18. Qe2 Qc7 19. Bd4 Qc6 20. Rae1 Nc7 21. exd6
Nb5 22. Nxb5 axb5 23. Rf2 Qd5 24. Qe5 Qxe5 25. Rxe5 Bd5 26. f5 Rfd8 27. Bc5
Rxa3 28. Rd2 h6 29. Kf2 Ra2 30. Re3 Rd7 31. Rg3 Kh7 32. Bd4 f6 33. Bc5 Kg8 34.
Re3 Kf7 35. fxe6+ Bxe6 36. Rde2 Bf5 37. Re7+ Rxe7 38. dxe7 Ra8 39. Rd2 Re8 40.
c3 Bd3 41. Ra2 Bf5 42. Ra7 Be4 43. Ra6 Bf5 44. Rb6 Bd7 45. Rb7 Bc6 46. Rb6 Bd7
47. Ke3 Ra8 48. Rd6 Be8 49. Rd2 Ra1 50. Kd4 Rc1 51. g3 Bc6 52. Bd6 Be8 53. Bc5
Bc6 54. Bd6 Be8 1/2-1/2

[Event "LIBEREC OPEN 2020"]
[Site "Clarion Grandhotel Zlaty Lev, "]
[Date "2020.02.23"]
[Round "2"]
[White "Paldus, Petr"]
[Black "Nemec, Zdenek"]
[Result "1-0"]
[WhiteElo "2009"]
[BlackElo "1000"]
[PlyCount "59"]
[EventDate "2020.02.22"]

1. e4 c5 2. Nf3 d6 3. c3 Nf6 4. Bd3 g6 5. O-O Bg7 6. Re1 O-O 7. Bc2 Nc6 8. d4
cxd4 9. cxd4 Qc7 10. Nc3 a6 11. Bg5 e6 12. Rc1 b6 13. d5 Ne7 14. dxe6 fxe6 15.
Bb3 Qb7 16. Qxd6 Kh8 17. Bxe6 Bxe6 18. Qxe6 Rae8 19. Qh3 Nd7 20. Bh6 Bxh6 21.
Qxh6 Rxf3 22. gxf3 Ne5 23. Qf4 Qb8 24. Qf6+ Kg8 25. Nd5 Nf5 26. Rc3 Nd4 27. Kg2
Re6 28. Ne7+ Rxe7 29. Qxe7 Qf8 30. Qxe5 1-0

[Event "LIBEREC OPEN 2020"]
[Site "Clarion Grandhotel Zlaty Lev, "]
[Date "2020.02.23"]
[Round "2"]
[White "Kulczycka, Zofia"]
[Black "Aird, Ian"]
[Result "1/2-1/2"]
[WhiteElo "1300"]
[BlackElo "1848"]
[PlyCount "44"]
[EventDate "2020.02.22"]

1. e4 g6 2. Nf3 d6 3. d4 Nf6 4. Nc3 Bg7 5. Be3 a6 6. Qd2 b5 7. a3 Bb7 8. d5 c5
9. dxc6 Nxc6 10. Nd4 O-O 11. f3 Nxd4 12. Bxd4 e5 13. Be3 d5 14. exd5 Nxd5 15.
Nxd5 Bxd5 16. O-O-O Be6 17. Qxd8 Raxd8 18. Bd3 f5 19. Bg5 Rd4 20. Rhe1 h6 21.
Be3 Rd7 22. Bf2 Rfd8 1/2-1/2

[Event "LIBEREC OPEN 2020"]
[Site "Clarion Grandhotel Zlaty Lev, "]
[Date "2020.02.23"]
[Round "2"]
[White "Akash, G."]
[Black "Garwacki, Kornel"]
[Result "1-0"]
[WhiteElo "2449"]
[BlackElo "1287"]
[PlyCount "81"]
[EventDate "2020.02.22"]

1. e4 e5 2. Nc3 Bc5 3. g3 d6 4. Bg2 Nc6 5. d3 Nge7 6. Be3 Bb6 7. Nf3 f5 8. Bxb6
axb6 9. d4 fxe4 10. Nxe4 d5 11. Nc3 e4 12. Ng1 Nf5 13. Nge2 O-O 14. Qd2 Be6 15.
Nd1 Qf6 16. c3 Na5 17. Qc2 c5 18. dxc5 bxc5 19. O-O Rad8 20. Nf4 Bf7 21. Ne3
Nh4 22. Nexd5 Bxd5 23. Nxd5 Nf3+ 24. Bxf3 Qxf3 25. Ne3 Rd3 26. Rae1 Rfd8 27.
Qa4 Nc6 28. Qc4+ Kh8 29. Qxc5 Re8 30. Nc4 Qf6 31. Re2 Rf3 32. Rfe1 Rf8 33. Nd2
Rf5 34. Qe3 Re5 35. Nxe4 Qe6 36. f4 Ra5 37. a3 Qg4 38. Nf2 Qg6 39. Qe6 Qh5 40.
Qe8 Qc5 41. b4 1-0

[Event "LIBEREC OPEN 2020"]
[Site "Clarion Grandhotel Zlaty Lev, "]
[Date "2020.02.23"]
[Round "2"]
[White "Krutsch, Thomas"]
[Black "Peniska, Pavel"]
[Result "0-1"]
[WhiteElo "1483"]
[BlackElo "1868"]
[PlyCount "64"]
[EventDate "2020.02.22"]

1. d4 Nf6 2. Nf3 e6 3. c4 b6 4. Bg5 Bb7 5. e3 c5 6. Nc3 cxd4 7. exd4 Be7 8. Rc1
O-O 9. Be2 d6 10. O-O Nc6 11. a3 Rc8 12. b4 h6 13. Be3 Ng4 14. h3 Nxe3 15. fxe3
g6 16. e4 Bf6 17. d5 exd5 18. exd5 Ne5 19. Qb3 Nxf3+ 20. Bxf3 Be5 21. Ne4 f5
22. Nf2 Qh4 23. Nd3 Qd4+ 24. Kh1 Bf6 25. Rc2 Rfe8 26. Rfc1 Re3 27. Rc3 Rce8 28.
c5 bxc5 29. bxc5 Ba6 30. cxd6 Bxd3 31. d7 Re1+ 32. Kh2 Qf4+ 0-1